000 00299nam a22001097a 4500
008 230620b xxu||||| |||| 00| 0 eng d
082 _a305.439
_bUNI 1993
245 _aWomen in Decision-Making: Case-Study on Hungary
260 _aNew York
_bUnited Nations
_c1993
300 _aIII,50p
942 _2ddc
_cBK
999 _c1512
_d1512